000 00450nam a2200181Ia 4500
001 19912
005 20260306172727.0
008 260306t2009||||xx |||||||||||||| ||spa||
041 _aESP
082 _a341.4
_bI34
100 _aIngartua SalaverrĂ­a, Juan
_eAUT
245 0 _aEl razonamiento en las resoluciones judiciales
260 _c2009
300 _a233 páginas :
_c20 cm.
650 _aGEN
654 _aCDE
942 _cLIB
_dJUS
_fJUS
_2ddc
_n
999 _c19912
_d19912